Организация энергетических служб в колхозах, совхозах и других сельскохозяйственных предприятиях и организациях (Запись № 6331267)

Подробности
000 -МАРКЕР
контрольное поле 01386nam0a22002411 4500
001 - ИДЕНТИФИКАТОР ЗАПИСИ
контрольное поле rc\2201486
005 - ИДЕНТИФИКАТОР ВЕРСИИ
контрольное поле 20260407133028.0
035 ## - ДРУГИЕ СИСТЕМНЫЕ НОМЕРА
Идентификатор записи (NLR Aleph) 006511104
100 ## - ДАННЫЕ ОБЩЕЙ ОБРАБОТКИ
Данные общей обработки 20110829d1978 |||y0rusy50 ca
101 0# - ЯЗЫК РЕСУРСА
Язык текста, звукозаписи и т.д. русский
102 ## - СТРАНА ПУБЛИКАЦИИ ИЛИ ПРОИЗВОДСТВА
Страна публикации Российская Федерация
105 ## - ПОЛЕ КОДИРОВАННЫХ ДАННЫХ: ТЕКСТОВЫЕ МАТЕРИАЛЫ, МОНОГРАФИЧЕСКИЕ
Кодированные данные о монографическом текстовом документе a z |||||
200 1# - ЗАГЛАВИЕ И СВЕДЕНИЯ ОБ ОТВЕТСТВЕННОСТИ
Основное заглавие Организация энергетических служб в колхозах, совхозах и других сельскохозяйственных предприятиях и организациях
Сведения, относящиеся к заглавию (Рекомендации)
Первые сведения об ответственности Всерос. н.-и. и проект.-технол. ин-т механизации и электрификации сел. хоз-ва, Рост. обл. об-ние "Сельхозэнерго"
210 ## - ПУБЛИКАЦИЯ, РАСПРОСТРАНЕНИЕ И ДР.
Место издания, распространения и т.д. Зерноград
Имя издателя, распространителя и т. д. [Б. и.]
Дата издания, распространения и т.д. 1978
215 ## - ФИЗИЧЕСКАЯ ХАРАКТЕРИСТИКА
Специфическое обозначение материала и объем 56 с.
Другие сведения о физической характеристике ил.
Размеры 19
606 ## - НАИМЕНОВАНИЕ ТЕМЫ КАК ПРЕДМЕТ
Наименование темы Сельскохозяйственные предприятия
Тематический подзаголовок Энергетическое хозяйство
Код системы psbo
712 02 - НАИМЕНОВАНИЕ ОРГАНИЗАЦИИ - ВТОРИЧНАЯ ОТВЕТСТВЕННОСТЬ
Начальный элемент ввода Всероссийский научно-исследовательский и проектно-технологический институт механизации и электрификации сельского хозяйства
Идентифицирующий признак Зерноград
Системный номер авторитетной/нормативной записи 487513
Идентификатор авторитетной/нормативной записи RU\NLR\AUTH\889995286
801 #0 - ИСТОЧНИК ЗАПИСИ
Страна Российская Федерация
Организация NLR
Правила каталогизации psbo
801 #1 - ИСТОЧНИК ЗАПИСИ
Страна Российская Федерация
Организация ELAR
Источник данных rusmarc
852 ## - МЕСТОНАХОЖДЕНИЕ И ШИФР ХРАНЕНИЯ
Идентификатор организации NLR
Шифр хранения (Call Number) 78-4/24267
942 ## - ДОПОЛНИТЕЛЬНЫЕ ЭЛЕМЕНТЫ ЗАПИСИ (АБИС)
Тип экземпляра АБИС Книга
980 ## - КОЛЛЕКЦИЯ
Название коллекции Национальная библиография
Экземпляры
Тип экземпляра Дата поступления Библиотека постоянного хранения Библиотека текущего хранения Место хранения Шифр хранения Штрих-код Статус экземпляра
Книга 26.10.2013 РНБ (Московский) РНБ (Московский) Русский книжный фонд: издания с 1957 года 78-4/24267 6511104-10